| 000 | 00682nam a22001577a 4500 | ||
|---|---|---|---|
| 003 | OSt | ||
| 005 | 20150906150657.0 | ||
| 008 | 150906b xxu||||| |||| 00| 0 eng d | ||
| 040 | _cRUA | ||
| 082 | _aAGR ឡុង 1990 B001 Or.1 | ||
| 100 |
_9115 _aឡុង សឿងសុភ័គ |
||
| 245 | _aការដាំដុះដំណាំស្ពៃក្ដោបដោយប្រើប្រាស់ប្រព័ន្ធស្រោចស្រពនៅរដុវប្រាំងនិងការវាយតម្លៃដីតាមរបៀបក្សេត្រវិធី | ||
| 260 |
_aPhnom Penh _bRUA _c1990 |
||
| 300 |
_a130p. _bill. _c29cm. |
||
| 942 |
_2ddc _cAGR |
||
| 999 |
_c105 _d105 |
||